Tratado de derecho civil argentino : derechos reales : derechos reales de garantía /
La obra completa se divide por materia y está distribuido como sigue: v. 1 t. 2 Parte general; v. 2 t. 1-3 Obligaciones en general; v.3 t. 1-4 Fuentes de las obligaciones; v. 4 t. 1-4 Derechos reales. Contenido del v. 4 t. 4: Derechos reales de garantía; De la hipoteca; De la prenda; De la anticresi...
Tallennettuna:
| Päätekijä: | |
|---|---|
| Muut tekijät: | |
| Aineistotyyppi: | Kirja |
| Kieli: | espanja |
| Julkaistu: |
Buenos Aires, Argentina :
Tipográfica Editora Argentina,
1960, c1960
|
| Painos: | 4a edición |
| Aiheet: | |
| Tagit: |
Ei tageja, Lisää ensimmäinen tagi!
|
MARC
| LEADER | 00000nam^a2200000^a^4500 | ||
|---|---|---|---|
| 001 | 000181011 | ||
| 005 | 20250521000000.0 | ||
| 009 | 20260310101919.065 | ||
| 037 | |a Acervo ITESO - Biblioteca | ||
| 041 | |a ESP | ||
| 082 | |a 346. 82 |b SAL V. 4 T. 4 | ||
| 100 | |a Salvat, Raymundo M. |e (autor) | ||
| 240 | 1 | 1 | |a [Tratado de derecho civil argentino] |
| 245 | 1 | 0 | |a Tratado de derecho civil argentino : |b derechos reales : derechos reales de garantía / |c R.M. Salvat ; actualización de M.J. Argañarás. |
| 250 | |a 4a edición |b aumentada | ||
| 264 | 4 | |a Buenos Aires, Argentina : |b Tipográfica Editora Argentina, |c 1960, c1960 | |
| 300 | |a XLVIII, 869 p. | ||
| 336 | |a texto |b txt |2 rdacontenido | ||
| 337 | |a sin mediación |b n |2 rdamedio | ||
| 338 | |a volumen |b nc |2 rdasoporte | ||
| 520 | |a La obra completa se divide por materia y está distribuido como sigue: v. 1 t. 2 Parte general; v. 2 t. 1-3 Obligaciones en general; v.3 t. 1-4 Fuentes de las obligaciones; v. 4 t. 1-4 Derechos reales. Contenido del v. 4 t. 4: Derechos reales de garantía; De la hipoteca; De la prenda; De la anticresis; Publicidad de los derechos reales; Privilegios. Derechos de retención; De la preferencia de los créditos; Del derecho de retención; Leyes que rigen los derechos reales. | ||
| 649 | |a XX | ||
| 650 | |a Derecho de Crédito o de las Obligaciones - |z Argentina | ||
| 650 | |a Derechos Reales - |z Argentina | ||
| 650 | |a Derecho Civil - |z Argentina | ||
| 650 | |a Derecho Privado - |z Argentina | ||
| 700 | |a Argañarás, Manuel J. |e (actualización) | ||
| 910 | |a Fondo General | ||
| 920 | |a Impresos - Libros | ||
| 930 | |a Colección General | ||
| 905 | |a 101 | ||
| 901 | |a 0500120571 |b IT1 |c ACC |u 20250521 | ||
| 902 | |a https://opac.biblio.iteso.mx/vufind/Record/000181011 | ||